MARC details
| 000 -CABECERA |
| campo de control de longitud fija |
00885nam a2200217 a 4500 |
| 001 - NÚMERO DE CONTROL |
| campo de control |
000029116 |
| 005 - FECHA Y HORA DE LA ÚLTIMA TRANSACCIÓN |
| campo de control |
20200930055337.0 |
| 008 - DATOS DE LONGITUD FIJA--INFORMACIÓN GENERAL |
| campo de control de longitud fija |
110413s2003 dr 000 0 spa d |
| 020 ## - NÚMERO INTERNACIONAL ESTÁNDAR DEL LIBRO |
| Número Internacional Estándar del Libro |
9993423513 |
| 040 ## - FUENTE DE LA CATALOGACIÓN |
| Centro catalogador/agencia de origen |
DO-SdBNP |
| Lengua de catalogación |
spa |
| Centro/agencia transcriptor |
BNPHU |
| 041 17 - CÓDIGO DE LENGUA |
| Código de lengua del texto/banda sonora o título independiente |
spa |
| Fuente del código |
eng |
| Código de lengua del sumario o resumen |
fre |
| 049 ## - FONDOS LOCALES (OCLC) |
| Fondos de biblioteca |
BNPD |
| 100 1# - ENTRADA PRINCIPAL--NOMBRE DE PERSONA |
| Nombre de persona |
Feris Iglesias, César Iván. |
| 9 (RLIN) |
56022 |
| 245 10 - MENCIÓN DE TÍTULO |
| Título |
Patrimonio dominicano = |
| Resto del título |
Dominican heritage = Patrimoine Dominicain / |
| Mención de responsabilidad, etc. |
César Iván Feris Iglesias ; fotografías José Augusto Mejía Rodríguez. |
| 246 11 - FORMA VARIANTE DE TÍTULO |
| Título propio/Titulo breve |
Dominican heritage |
| 246 11 - FORMA VARIANTE DE TÍTULO |
| Título propio/Titulo breve |
Patrimoine Dominicain |
| 260 ## - PUBLICACIÓN, DISTRIBUCIÓN, ETC. |
| Lugar de publicación, distribución, etc. |
Santo Domingo : |
| Nombre del editor, distribuidor, etc. |
Despacho de la Primera Dama : |
| -- |
Secretaría de Estado de Cultura : |
| -- |
Programa de las Naciones Unidas para el Desarrollo, |
| Fecha de publicación, distribución, etc. |
2003. |
| 300 ## - DESCRIPCIÓN FÍSICA |
| Extensión |
178 p. : |
| Otras características físicas |
col. il. ; |
| Dimensiones |
31 cm. |
| 700 1# - PUNTO DE ACCESO ADICIONAL--NOMBRE DE PERSONA |
| Nombre de persona |
Mejía Rodríguez, José Augusto. |
| 9 (RLIN) |
56023 |
| 710 2# - PUNTO DE ACCESO ADICIONAL--NOMBRE DE ENTIDAD CORPORATIVA |
| Nombre de entidad corporativa o nombre de jurisdicción como elemento de entrada |
United Nations Development Programme. |
| 9 (RLIN) |
56024 |